| Поле | Инд. | ПП | Название | Значение |
|---|---|---|---|---|
| Тип записи | a | |||
| Библиографический уровень | a | |||
| 001 | Контрольный номер | d023fce9dda4467bac604ec9561f35b4 | ||
| 005 | Дата корректировки | 20181124200618.8 | ||
| 100 | a | Данные общей обработки | 20181107 ||| 0rusy0189 ca | |
| 101 | 0_ | a | Язык текста | rus |
| 102 | a | Страна публикации | RU | |
| 200 | 1_ | f | Первые сведения об ответственности | М.К. Мамедова, М.А. Рабаданов |
| a | Заглавие | Отдельные вопросы реализации принципа гласности в гражданском судопроизводстве | ||
| b | Общее обозначение материала | Текст | ||
| 210 | d | Дата издания | 2017 | |
| 461 | _0 | 1 | 2000 | |
| a | Закон и право | |||
| 463 | _0 | 1 | 2000 | |
| a | №5 | |||
| v | С. 47-49 | |||
| 1 | 2101 | |||
| d | 2017 | |||
| 1 | 00191d7ded28eea4f83ae1c9acbbc38d378 | |||
| 606 | a | Основная рубрика | Гражданское процессуальное право | |
| 610 | 0_ | a | Ключевые слова | ПРИНЦИПЫ ПРАВА |
| 700 | _1 | a | Фамилия | Мамедова |
| b | Имя | М.К. | ||
| 701 | _1 | a | Фамилия | Рабаданов |
| b | Имя | М.А. | ||
| 801 | _0 | a | Страна | RU |
| b | Организация | РГУП | ||
| c | Дата составления | 20181107 | ||
| g | Правила каталогизации | PSBO | ||
| 801 | _1 | a | Страна | RU |
| b | Организация | РГУП | ||
| c | Дата составления | 20181107 | ||
| g | Правила каталогизации | PSBO | ||
| 901 | t | Тип документа | b | |
| w | Контрольный № источника | 91d7ded28eea4f83ae1c9acbbc38d378 | ||
| 905 | a | Дата ввода | 20181107 |